[Event "45th Olympiad Budapest 2024"]
[Site "Budapest"]
[Date "2024.09.13"]
[Round "3"]
[Board "3"]
[White "Ivekovic, Tihana"]
[Black "Velikic, Adela"]
[Result "0-1"]
[WhiteElo "2143"]
[BlackElo "2260"]
[PlyCount "66"]
[EventDate "2024.09.11"]
[EventType "team-tourn"]
[EventRounds "11"]
[EventCountry "HUN"]
[WhiteTeam "Croatia"]
[BlackTeam "Serbia"]
[WhiteTeamCountry "CRO"]
[BlackTeamCountry "SRB"]

1. d4 {[%emt 0:00:02]} d5 {[%emt 0:00:08]} 2. c4 {[%emt 0:00:06]} c6 {[%emt 0:00:06]} 3. cxd5 {[%emt 0:00:06]} cxd5 {[%emt 0:00:05]} 4. Bf4 {[%emt 0:00:05]} Nc6 {[%emt 0:00:12]} 5. Nc3 {[%emt 0:00:29]} e5 {[%emt 0:01:38]} 6. dxe5 {[%emt 0:09:19]} d4 {[%emt 0:04:51]} 7. Nb1 ({RR} 7. Ne4 Qa5+ 8. Nd2 Nge7 9. Ngf3 Ng6 10. g3 Bg4 11. Bg2 Bxf3 12. Bxf3 Ngxe5 13. O-O Rd8 14. Bxe5 Nxe5 15. Bxb7 Be7 16. Nf3 O-O 17. Nxe5 Qxe5 18. Ba6 Rb8 19. Qc2 g6 20. Rac1 Bg5 21. Rcd1 Bf6 {1-0 Le,Q (2712)-Dreev,A (2668) Wch Blitz 7th 2013 (14)}) 7... Nge7 {[%emt 0:07:09]} ({RR} 7... Qa5+ 8. Bd2 Bb4 9. Nf3 Nxe5 10. Nxe5 Bxd2+ 11. Nxd2 Qxe5 12. Nf3 Qa5+ 13. Qd2 Qxd2+ 14. Kxd2 Nf6 15. Nxd4 O-O 16. f3 Rd8 17. e3 Nd5 18. Rd1 Bd7 19. Bc4 Nb6 20. Bb3 Rac8 21. Rc1 Kf8 22. Rxc8 {½-½ Buscar,M (2041)-Saya,E (2275) Titled Tue 10th Oct Early 2023 (5)}) 8. Nf3 {[%emt 0:11:38]} Nd5 {[%emt 0:32:56]} 9. e3 $146 {[%emt 0:39:04]} ({RR} 9. Bd2 Qb6 10. Qb3 Ndb4 11. e4 Be6 12. Qd1 d3 13. Na3 Bc5 14. Bxb4 Bxf2+ 15. Kd2 Qxb4+ 16. Kc1 O-O-O 17. Qd2 Qc5+ 18. Kd1 Kb8 19. Rc1 Qb6 20. Nc4 Bxc4 21. Rxc4 Be3 22. Qc3 d2 23. Be2 Bf4 {1-0 Al Saffar,A (2368)-Eljanov,P (2711) Wch Blitz Riadh 2017 (1)}) ({RR} 9. Bc1 Bf5 10. Qa4 Bb4+ 11. Bd2 O-O 12. g3 Bxb1 13. Rxb1 Nc3 14. bxc3 dxc3 15. Rxb4 cxd2+ 16. Nxd2 Nxb4 17. Qxb4 Rc8 18. Nb3 Qd5 19. f3 Rfd8 20. Qe4 Qxe4 21. fxe4 Rc2 22. Bh3 Rxa2 23. O-O Rxe2 {½-½ Ortega Serra,M (2235)-Alarcon Casellas,R (2397) Sabadell op-A 9th 2016 (5)}) ({RR} 9. Bd2 Bc5 10. g3 O-O 11. Bg2 Re8 12. O-O Nxe5 13. Qb3 Nf6 14. Bg5 Nc6 15. Nbd2 h6 16. Bxf6 Qxf6 17. Rfe1 Rb8 18. Rac1 Be6 19. Qb5 Bb4 20. a3 a6 21. Qa4 Bf8 {½-½ Jeske,E (2185)-Baum,B (2191) Schleswig Holstein-ch Seniors op 10th 2016 (4)}) 9... Bb4+ {[%emt 0:12:30]} 10. Nbd2 {[%emt 0:00:24]} Bg4 {[%emt 0:07:44]} 11. a3 {[%emt 0:02:24]} Bxf3 {[%emt 0:09:03]} 12. gxf3 {[%emt 0:03:32]} dxe3 {[%emt 0:01:22]} 13. Bxe3 {[%emt 0:01:09]} Nxe3 {[%emt 0:01:16]} 14. fxe3 {[%emt 0:00:13]} Qh4+ {[%emt 0:01:52]} 15. Ke2 {[%emt 0:00:10]} Bxd2 {[%emt 0:01:40]} 16. Qxd2 {[%emt 0:00:08]} O-O {[%emt 0:01:17]} 17. Qe1 {[%emt 0:05:09]} Qh5 {[%emt 0:01:56]} 18. Qg3 {[%emt 0:02:25]} Rfe8 {[%emt 0:01:40]} 19. Rg1 {[%emt 0:05:19]} g6 {[%emt 0:00:17]} 20. Bh3 {[%emt 0:00:48]} Rxe5 {[%emt 0:02:59]} 21. Rac1 {[%emt 0:05:15]} Qh6 {[%emt 0:05:47]} 22. f4 {[%emt 0:03:31]} Rb5 {[%emt 0:02:31]} 23. Rc2 {[%emt 0:03:30]} Rb3 {[%emt 0:01:46]} 24. Kf2 {[%emt 0:02:46]} Qg7 {[%emt 0:00:20]} 25. Rgc1 {[%emt 0:01:28]} Re8 {[%emt 0:01:27]} 26. Bg2 {[%emt 0:00:52]} Rbxe3 {[%emt 0:01:33]} 27. Qxe3 {[%emt 0:00:05]} Rxe3 {[%emt 0:00:05]} 28. Kxe3 {[%emt 0:00:04]} Qd4+ {[%emt 0:00:35]} 29. Kf3 {[%emt 0:00:16]} Kg7 {[%emt 0:00:56]} 30. Bf1 {[%emt 0:00:57]} Qd5+ {[%emt 0:01:29]} 31. Kg3 {[%emt 0:01:02]} Qb3+ {[%emt 0:00:33]} 32. Kg2 {[%emt 0:00:24]} Qe3 {[%emt 0:00:23]} 33. Rd1 {[%emt 0:00:54]} Qe4+ {[%emt 0:00:13]} 0-1

[Event "45th Olympiad Budapest 2024"]
[Site "Budapest"]
[Date "2024.09.13"]
[Round "3"]
[Board "4"]
[White "Eric, Jovana"]
[Black "Vujnovic, Patricija"]
[Result "1/2-1/2"]
[WhiteElo "2162"]
[BlackElo "2134"]
[PlyCount "113"]
[EventDate "2024.09.11"]
[EventType "team-tourn"]
[EventRounds "11"]
[EventCountry "HUN"]
[WhiteTeam "Serbia"]
[BlackTeam "Croatia"]
[WhiteTeamCountry "SRB"]
[BlackTeamCountry "CRO"]

1. e4 {[%emt 0:00:03]} Nf6 {[%emt 0:00:05]} 2. e5 {[%emt 0:00:08]} Nd5 {[%emt 0:00:05]} 3. c4 {[%emt 0:00:13]} Nb6 {[%emt 0:00:06]} 4. d4 {[%emt 0:00:05]} d6 {[%emt 0:00:07]} 5. f4 {[%emt 0:00:57]} Bf5 {[%emt 0:01:40]} 6. Nc3 {[%emt 0:00:55]} dxe5 {[%emt 0:01:16]} 7. fxe5 {[%emt 0:00:32]} e6 {[%emt 0:00:05]} 8. Nf3 {[%emt 0:01:25]} Bb4 {[%emt 0:02:00]} 9. Be3 {[%emt 0:04:17]} c5 {[%emt 0:04:01]} 10. Be2 {[%emt 0:13:33]} Nc6 {[%emt 0:11:12]} 11. O-O {[%emt 0:09:18]} cxd4 {[%emt 0:01:47]} 12. Nxd4 {[%emt 0:00:06]} Bxc3 {[%emt 0:04:35]} ({RR} 12... O-O 13. Nxf5 exf5 14. Rxf5 Bxc3 15. bxc3 Qxd1+ 16. Rxd1 Na4 17. Rd7 Nxc3 18. Bf1 g6 19. Rf4 b6 20. c5 Nxe5 21. Rd2 bxc5 22. Bxc5 Rfe8 23. Bd4 Nd5 24. Re4 Nc6 25. Rxe8+ Rxe8 26. Bb2 Rd8 27. Bb5 {1-0 Nepomniachtchi,I (2792)-Bortnyk,O (2604) Chess.com Rapid Wk25 KO 2022 (2.1)}) ({RR} 12... Nxd4 13. Bxd4 Qe7 14. a3 Bc5 15. b4 Bxd4+ 16. Qxd4 Rd8 17. Qe3 O-O 18. Nb5 Nc8 19. Nxa7 Nxa7 20. Qxa7 Bd3 21. Qe3 Bxe2 22. Qxe2 Rd4 23. Rad1 Rfd8 24. h3 Qd7 25. Rxd4 Qxd4+ 26. Qf2 Kf8 27. c5 {½-½ Gonzalez Alonso,M (2053)-Banusz,T (2605) 25th Sants Open 2024 (1.2)}) 13. bxc3 {[%emt 0:01:26]} Nxe5 $146 {[%emt 0:07:27]} ({RR} 13... Be4 14. Rf4 Bg6 15. Nxc6 bxc6 16. Bc5 Qxd1+ 17. Rxd1 Na4 18. Bd6 Nxc3 19. Bf3 Rc8 20. Rd2 Bf5 21. Rfd4 f6 22. exf6 gxf6 23. Bh5+ Bg6 24. Bxg6+ hxg6 25. Bc7 Ne2+ 26. Rxe2 Rxc7 27. Rxe6+ Re7 28. Rxc6 {1-0 Kanya,Z-Ponyi,A Salgotarjan 1978}) ({RR} 13... O-O 14. Nxc6 bxc6 15. Bc5 Re8 16. Qe1 Nd7 17. Rd1 Qa5 18. Bd6 Nxe5 19. Qg3 Nd7 20. Kh1 Nf8 21. h4 Bg6 22. Be5 h5 23. Bxh5 Rad8 24. Rxd8 Qxd8 25. Rd1 Qa5 26. Bf3 f6 27. Bxf6 gxf6 28. h5 {0-1 Dankert,P-Lehmann,K GER U20-ch Berlin West 1972 (2)}) ({RR} 13... Bg6 14. Nxc6 bxc6 15. a4 O-O 16. a5 Nd7 17. Qd6 Qc8 18. Rfd1 Rd8 19. Bf3 Nf8 20. Qxd8 Qxd8 21. Rxd8 Rxd8 22. Bxa7 Ra8 23. Bb6 Nd7 24. Bxc6 {1-0 Minasian,A (2545)-Weinberg,R Las Vegas National op 1993 (2)}) 14. c5 {[%emt 0:07:10]} Nbd7 {[%emt 0:08:57]} 15. Nxf5 {[%emt 0:03:03]} exf5 {[%emt 0:00:05]} 16. Rxf5 {[%emt 0:04:32]} O-O {[%emt 0:01:45]} 17. Qd5 {[%emt 0:05:25]} Qc7 {[%emt 0:14:18]} 18. Bf4 {[%emt 0:10:08]} Qc6 {[%emt 0:08:01]} 19. Qxc6 {[%emt 0:14:20]} bxc6 {[%emt 0:01:48]} 20. Bxe5 {[%emt 0:04:42]} g6 {[%emt 0:03:28]} 21. Bd6 {[%emt 0:08:54]} gxf5 {[%emt 0:00:40]} 22. Bxf8 {[%emt 0:00:05]} Kxf8 {[%emt 0:10:31]} 23. Rf1 {[%emt 0:01:06]} Nxc5 {[%emt 0:00:14]} 24. Rxf5 {[%emt 0:00:06]} Ne4 {[%emt 0:01:00]} 25. Bh5 {[%emt 0:02:48]} Nxc3 {[%emt 0:02:08]} 26. Rxf7+ {[%emt 0:00:14]} Kg8 {[%emt 0:00:03]} 27. Rc7 {[%emt 0:00:06]} a5 {[%emt 0:03:50]} 28. Bf7+ {[%emt 0:00:20]} Kf8 {[%emt 0:00:36]} 29. Rxc6 {[%emt 0:04:36]} Kxf7 {[%emt 0:01:30]} 30. Rxc3 {[%emt 0:00:05]} Rb8 {[%emt 0:01:53]} 31. Rc2 {[%emt 0:00:26]} Rb5 {[%emt 0:07:05]} 32. Kf2 {[%emt 0:00:15]} Ke6 {[%emt 0:02:41]} 33. Rd2 {[%emt 0:00:55]} h5 {[%emt 0:00:58]} 34. h3 {[%emt 0:00:42]} h4 {[%emt 0:00:52]} 35. Kf3 {[%emt 0:00:24]} Kf5 {[%emt 0:00:25]} 36. Rd4 {[%emt 0:01:21]} Kg5 {[%emt 0:00:37]} 37. g3 {[%emt 0:03:00]} hxg3 {[%emt 0:00:11]} 38. Kxg3 {[%emt 0:00:04]} Rc5 {[%emt 0:00:43]} 39. Rd3 {[%emt 0:00:34]} a4 {[%emt 0:00:40]} 40. Rf3 {[%emt 0:00:34]} Rc4 {[%emt 0:00:13]} 41. a3 {[%emt 0:01:26]} Re4 {[%emt 0:00:56]} 42. Rc3 {[%emt 0:06:03]} Rd4 {[%emt 0:04:22]} 43. Kf3 {[%emt 0:04:10]} Kf5 {[%emt 0:01:49]} 44. Ke3 {[%emt 0:01:20]} Rh4 {[%emt 0:00:34]} 45. Kd2 {[%emt 0:00:56]} Ke5 {[%emt 0:00:23]} 46. Rg3 {[%emt 0:00:17]} Kd5 {[%emt 0:01:51]} 47. Ke2 {[%emt 0:05:01]} Ke5 {[%emt 0:01:18]} 48. Rf3 {[%emt 0:01:22]} Ke4 {[%emt 0:04:58]} 49. Rg3 {[%emt 0:00:47]} Ke5 {[%emt 0:03:31]} 50. Kf2 {[%emt 0:01:20]} Kf5 {[%emt 0:01:28]} 51. Rf3+ {[%emt 0:03:55]} Rf4 {[%emt 0:10:58]} 52. Ke3 {[%emt 0:01:01]} Rxf3+ {[%emt 0:00:06]} 53. Kxf3 {[%emt 0:00:03]} Kg5 {[%emt 0:00:09]} 54. Ke4 {[%emt 0:00:11]} Kh4 {[%emt 0:00:03]} 55. Kd4 {[%emt 0:00:06]} Kxh3 {[%emt 0:00:04]} 56. Kc4 {[%emt 0:00:03]} Kg4 {[%emt 0:00:04]} 57. Kb4 {[%emt 0:00:08]} 1/2-1/2

[Event "45th Olympiad Budapest 2024"]
[Site "Budapest"]
[Date "2024.09.13"]
[Round "3"]
[Board "1"]
[White "Pham, Le Thao Nguyen"]
[Black "Gong, Qianyun"]
[Result "1-0"]
[WhiteElo "2380"]
[BlackElo "2250"]
[PlyCount "159"]
[EventDate "2024.09.11"]
[EventType "team-tourn"]
[EventRounds "11"]
[EventCountry "HUN"]
[WhiteTeam "Vietnam"]
[BlackTeam "Singapore"]
[WhiteTeamCountry "VIE"]
[BlackTeamCountry "SIN"]

1. d4 {[%emt 0:00:08]} d5 {[%emt 0:00:06]} 2. Nf3 {[%emt 0:01:14]} Nf6 {[%emt 0:00:09]} 3. c4 {[%emt 0:02:30]} c6 {[%emt 0:00:09]} 4. Qc2 {[%emt 0:04:10]} dxc4 {[%emt 0:00:21]} 5. Qxc4 {[%emt 0:00:09]} Bf5 {[%emt 0:00:33]} 6. g3 {[%emt 0:00:36]} e6 {[%emt 0:00:24]} 7. Bg2 {[%emt 0:00:23]} Be7 {[%emt 0:00:31]} 8. O-O {[%emt 0:01:07]} O-O {[%emt 0:00:34]} 9. Nc3 {[%emt 0:05:32]} Nbd7 {[%emt 0:01:45]} 10. e3 {[%emt 0:03:12]} b5 {[%emt 0:15:02]} 11. Qe2 {[%emt 0:07:33]} b4 {[%emt 0:00:15]} 12. Nb1 {[%emt 0:07:30]} ({RR} 12. Na4 Qa5 13. b3 Qb5 14. Re1 Rac8 15. Bb2 Be4 16. Rac1 Nd5 17. Ne5 Qxe2 18. Rxe2 Bxg2 19. Kxg2 Nxe5 20. dxe5 c5 21. Rec2 Rc6 22. Kf3 Rfc8 23. Ba1 Kf8 24. Nb2 Nb6 25. Ke4 a5 26. f4 Ke8 {½-½ Andreikin,D (2729)-Daneshvar,B (2582) Chess.com Play-In Match Div 2 2024 (1.1)}) ({RR} 12. Na4 Qa5 13. b3 Qb5 14. Re1 Bd3 15. Qd1 Rad8 16. Nb2 Be4 17. Nc4 c5 18. Bb2 Qb7 19. Nh4 Bxg2 20. Nxg2 cxd4 21. Bxd4 e5 22. Bb2 Nc5 23. Qe2 Nd3 24. Red1 e4 25. Ne1 Nxb2 26. Qxb2 Nd5 {½-½ Konopka,M (2326)-Burdalev,K (2349) 35th Czech Rapid G1 2024 (9.6)}) 12... Qc7 $146 {[%emt 0:15:26]} ({RR} 12... c5 13. Nbd2 Rc8 14. b3 Ne4 15. Bb2 Nxd2 16. Nxd2 cxd4 17. Bxd4 Bf6 18. Bxf6 Nxf6 19. e4 Bg4 20. f3 Rc2 21. Rfd1 Qd4+ 22. Qf2 Qxf2+ 23. Kxf2 Nxe4+ 24. fxe4 Bxd1 25. Rxd1 Rd8 26. Ke3 Rxa2 27. Bf1 {0-1 Akimov,I (2275)-Yagupov,I (2448) St Petersburg White Nights op 2001 (2)}) ({RR} 12... Rc8 13. Rd1 {½-½ Levin,F (2523)-Prie,E (2446) Bad Woerishofen op 19th 2003 (4)}) ({RR} 12... c5 13. Nbd2 Rc8 14. b3 Bg4 15. h3 Bh5 16. g4 Bg6 17. Bb2 Nd5 18. Nc4 cxd4 19. Nxd4 Bf6 20. f4 Bxd4 21. Bxd4 N7f6 22. Bxf6 Nxf6 23. Rad1 Qe7 24. e4 Rfd8 25. Qe3 h6 26. f5 Bh7 27. e5 {1-0 Tregubov,P (2525)-Morozevich,A (2595) Krasnodar op 1997}) 13. Nbd2 {[%emt 0:04:03]} Rad8 {[%emt 0:14:50]} 14. e4 {[%emt 0:06:14]} Bg6 {[%emt 0:00:58]} 15. b3 {[%emt 0:04:39]} c5 {[%emt 0:09:14]} 16. Bb2 {[%emt 0:01:30]} cxd4 {[%emt 0:06:05]} 17. Bxd4 {[%emt 0:05:20]} e5 {[%emt 0:03:29]} 18. Rfc1 {[%emt 0:02:29]} Qb8 {[%emt 0:00:30]} 19. Bb2 {[%emt 0:02:51]} Rfe8 {[%emt 0:04:53]} 20. h3 {[%emt 0:04:29]} Bf8 {[%emt 0:01:17]} 21. Nh4 {[%emt 0:09:55]} Nc5 {[%emt 0:00:56]} 22. Nxg6 {[%emt 0:02:13]} hxg6 {[%emt 0:00:05]} 23. Nc4 {[%emt 0:01:01]} Nd3 {[%emt 0:00:54]} 24. Rd1 {[%emt 0:02:30]} Nxb2 {[%emt 0:00:09]} 25. Nxb2 {[%emt 0:01:12]} Bc5 {[%emt 0:00:17]} 26. Rxd8 {[%emt 0:00:48]} Rxd8 {[%emt 0:00:28]} 27. Rd1 {[%emt 0:00:37]} Bd4 {[%emt 0:01:16]} 28. Nc4 {[%emt 0:00:38]} Qc7 {[%emt 0:00:49]} 29. Bf3 {[%emt 0:01:01]} g5 {[%emt 0:01:54]} 30. Kg2 {[%emt 0:00:47]} g6 {[%emt 0:00:20]} 31. Qd2 {[%emt 0:01:26]} Qe7 {[%emt 0:08:59]} 32. Qxg5 {[%emt 0:02:54]} Re8 {[%emt 0:00:46]} 33. h4 {[%emt 0:01:27]} Kg7 {[%emt 0:01:09]} 34. Rh1 {[%emt 0:04:17]} Nd7 {[%emt 0:01:34]} 35. Qd2 {[%emt 0:04:31]} Rh8 {[%emt 0:06:04]} 36. h5 {[%emt 0:01:24]} Nf6 {[%emt 0:00:57]} 37. Qg5 {[%emt 0:01:43]} Rh6 {[%emt 0:02:32]} 38. hxg6 {[%emt 0:01:04]} Rxg6 {[%emt 0:00:05]} 39. Qh4 {[%emt 0:00:20]} Kf8 {[%emt 0:00:30]} 40. Qh3 {[%emt 0:02:30]} Qc5 {[%emt 0:01:37]} 41. Rf1 {[%emt 0:01:24]} Kg7 {[%emt 0:00:28]} 42. Qf5 {[%emt 0:00:58]} Ng8 {[%emt 0:01:37]} 43. Bh5 {[%emt 0:01:54]} Nh6 {[%emt 0:04:29]} 44. Qh3 {[%emt 0:03:35]} Ra6 {[%emt 0:03:37]} 45. Qh4 {[%emt 0:08:12]} Ng8 {[%emt 0:06:54]} 46. Qg4+ {[%emt 0:04:23]} Kf8 {[%emt 0:00:06]} 47. Qe2 {[%emt 0:01:03]} Rf6 {[%emt 0:02:46]} 48. Bg4 {[%emt 0:03:40]} Nh6 {[%emt 0:05:08]} 49. Bh3 {[%emt 0:00:54]} Rg6 {[%emt 0:01:45]} 50. Rh1 {[%emt 0:02:50]} Qc6 {[%emt 0:02:47]} 51. f3 {[%emt 0:01:25]} Qf6 {[%emt 0:00:35]} 52. Bc8 {[%emt 0:02:33]} Qg5 {[%emt 0:03:09]} 53. g4 {[%emt 0:00:40]} Kg7 {[%emt 0:03:19]} 54. Bd7 {[%emt 0:01:01]} Rf6 {[%emt 0:00:46]} 55. Bf5 {[%emt 0:01:10]} Qf4 {[%emt 0:01:18]} 56. Qe1 {[%emt 0:01:58]} Ra6 {[%emt 0:00:44]} 57. Qe2 {[%emt 0:00:08]} Rf6 {[%emt 0:00:07]} 58. Rd1 {[%emt 0:01:31]} Nxf5 {[%emt 0:00:20]} 59. exf5 {[%emt 0:00:07]} Rh6 {[%emt 0:00:05]} 60. Rh1 {[%emt 0:00:24]} Rxh1 {[%emt 0:00:07]} 61. Kxh1 {[%emt 0:00:02]} Qc1+ {[%emt 0:00:09]} 62. Kh2 {[%emt 0:00:31]} Qg1+ {[%emt 0:00:26]} 63. Kh3 {[%emt 0:00:02]} Qh1+ {[%emt 0:00:38]} 64. Kg3 {[%emt 0:00:08]} Qg1+ {[%emt 0:00:38]} 65. Qg2 {[%emt 0:01:47]} Qe1+ {[%emt 0:00:17]} 66. Kh3 {[%emt 0:00:14]} Qb1 {[%emt 0:02:33]} 67. Nd6 {[%emt 0:00:43]} Be3 {[%emt 0:00:37]} 68. g5 {[%emt 0:00:57]} Qd3 {[%emt 0:00:34]} 69. Ne4 {[%emt 0:00:10]} Bf4 {[%emt 0:00:12]} 70. Kg4 {[%emt 0:00:16]} Qe3 {[%emt 0:00:27]} 71. f6+ {[%emt 0:01:07]} Kg8 {[%emt 0:00:20]} 72. Qh1 {[%emt 0:00:35]} Bxg5 {[%emt 0:00:11]} 73. Nxg5 {[%emt 0:00:45]} Qf4+ {[%emt 0:00:04]} 74. Kh5 {[%emt 0:00:06]} Qxf6 {[%emt 0:00:04]} 75. Qb1 {[%emt 0:01:12]} Qf4 {[%emt 0:00:39]} 76. Qh7+ {[%emt 0:00:39]} Kf8 {[%emt 0:00:03]} 77. Qe4 {[%emt 0:00:06]} Qh2+ {[%emt 0:00:22]} 78. Kg4 {[%emt 0:00:04]} Qxa2 {[%emt 0:00:59]} 79. Qxb4+ {[%emt 0:00:18]} Kg7 {[%emt 0:00:04]} 80. Qc4 {[%emt 0:00:19]} 1-0

[Event "45th Olympiad Budapest 2024"]
[Site "Budapest"]
[Date "2024.09.13"]
[Round "3"]
[Board "2"]
[White "Pang, Kay Yan Eden"]
[Black "Vo, Thi Kim Phung"]
[Result "0-1"]
[WhiteElo "1847"]
[BlackElo "2320"]
[PlyCount "64"]
[EventDate "2024.09.11"]
[EventType "team-tourn"]
[EventRounds "11"]
[EventCountry "HUN"]
[WhiteTeam "Singapore"]
[BlackTeam "Vietnam"]
[WhiteTeamCountry "SIN"]
[BlackTeamCountry "VIE"]

1. d4 {[%emt 0:00:02]} Nf6 {[%emt 0:00:12]} 2. c4 {[%emt 0:00:06]} e6 {[%emt 0:00:08]} 3. Nf3 {[%emt 0:00:09]} d5 {[%emt 0:00:11]} 4. g3 {[%emt 0:00:25]} Be7 {[%emt 0:00:19]} 5. Bg2 {[%emt 0:00:11]} O-O {[%emt 0:00:14]} 6. O-O {[%emt 0:00:06]} c6 {[%emt 0:00:11]} 7. Qc2 {[%emt 0:00:48]} Nbd7 {[%emt 0:01:31]} 8. Nbd2 {[%emt 0:00:24]} b6 {[%emt 0:00:16]} 9. e4 {[%emt 0:01:42]} dxc4 {[%emt 0:00:08]} 10. Nxc4 {[%emt 0:00:43]} Bb7 {[%emt 0:00:15]} 11. Be3 {[%emt 0:04:28]} ({RR} 11. Bg5 b5 12. Nce5 c5 13. Nxd7 Nxd7 14. Bxe7 Qxe7 15. dxc5 Nxc5 16. Nd4 a6 17. Rac1 Rac8 18. Qe2 Rfd8 19. Qe3 g6 20. Rfd1 e5 21. Ne2 Rxd1+ 22. Rxd1 b4 23. Nc1 a5 24. Nd3 Rd8 25. Bf3 Ne6 {½-½ Svane,R (2627)-Deac,B (2692) Titled Tue 9th Apr Early 2024 (5)}) ({RR} 11. Rd1 Rc8 12. Ne3 Re8 13. b3 Qc7 14. Bb2 Red8 15. Rac1 Qb8 16. Nd2 e5 17. Nf5 Bf8 18. Nc4 exd4 19. Rxd4 Bc5 20. e5 Bxd4 21. Bxd4 Nd5 22. Ncd6 Re8 23. Nxb7 Qxb7 24. Bxd5 cxd5 25. Ne7+ Rxe7 {1-0 Milat,M (2213)-De Menezes,R (1675) 10th Floripa Open 2024 (5.88)}) 11... c5 {[%emt 0:00:47]} 12. Ng5 $146 {[%emt 0:16:34]} ({RR} 12. Ncd2 Rc8 13. Qd3 cxd4 14. Qxd4 Nc5 15. Qxd8 Rfxd8 16. e5 Nd5 17. Bxc5 Rxc5 18. Rac1 Rdc8 19. Nb3 Rc2 20. Rxc2 Rxc2 21. Rc1 Rxb2 22. Nfd4 g6 23. Nb5 Rxa2 24. Nd6 Ba6 25. Bxd5 exd5 26. Rc7 Bf8 {0-1 Trasakova,A (1923)-Garifullina,L (2409) Online Olym Div Top-C rapid 2021 (3.4)}) ({RR} 12. Nfe5 Rc8 13. dxc5 Nxe5 14. Nxe5 Bxc5 15. Qe2 Bxe4 16. Bxc5 Bxg2 17. Rfd1 Bd5 18. Bxf8 Qxf8 19. Rac1 h5 20. Qa6 Rxc1 21. Rxc1 Qb4 22. Qc8+ Kh7 23. Nxf7 Qxb2 24. Qc2+ Qxc2 25. Rxc2 Kg6 26. Ne5+ Kf5 {1-0 Miszler,L (2242)-Zaitsev,A (2473) Titled Tuesday intern op 26th Oct blitz 2021 (4)}) 12... h6 {[%emt 0:12:35]} 13. e5 {[%emt 0:09:51]} Bxg2 {[%emt 0:00:17]} 14. exf6 {[%emt 0:01:42]} Nxf6 {[%emt 0:00:09]} 15. Nxe6 {[%emt 0:03:22]} fxe6 {[%emt 0:01:47]} 16. Kxg2 {[%emt 0:00:34]} cxd4 {[%emt 0:02:45]} 17. Rad1 {[%emt 0:13:19]} Qd5+ {[%emt 0:01:50]} 18. Kg1 {[%emt 0:00:50]} e5 {[%emt 0:01:19]} 19. b3 {[%emt 0:11:58]} b5 {[%emt 0:04:39]} 20. Nb2 {[%emt 0:03:52]} Rac8 {[%emt 0:13:28]} 21. Qb1 {[%emt 0:04:35]} Qe4 {[%emt 0:00:46]} 22. Qxe4 {[%emt 0:08:51]} Nxe4 {[%emt 0:00:08]} 23. Bc1 {[%emt 0:01:22]} Nc3 {[%emt 0:07:23]} 24. Rde1 {[%emt 0:02:29]} e4 {[%emt 0:06:19]} 25. Nd1 {[%emt 0:06:40]} Nxd1 {[%emt 0:00:37]} 26. Rxd1 {[%emt 0:00:06]} Bc5 {[%emt 0:01:47]} 27. Rfe1 {[%emt 0:03:36]} Rce8 {[%emt 0:00:38]} 28. Bb2 {[%emt 0:01:32]} d3 {[%emt 0:00:30]} 29. Rf1 {[%emt 0:01:06]} Rxf2 {[%emt 0:01:38]} 30. Rxf2 {[%emt 0:01:18]} Rf8 {[%emt 0:00:05]} 31. Rdf1 {[%emt 0:01:26]} Rf7 {[%emt 0:00:12]} 32. Re1 {[%emt 0:00:06]} d2 0-1

[Event "45th Olympiad Budapest 2024"]
[Site "Budapest"]
[Date "2024.09.13"]
[Round "3"]
[Board "3"]
[White "Bach, Ngoc Thuy Duong"]
[Black "Rice, Lauren"]
[Result "1-0"]
[WhiteElo "2214"]
[BlackElo "1824"]
[PlyCount "79"]
[EventDate "2024.09.11"]
[EventType "team-tourn"]
[EventRounds "11"]
[EventCountry "HUN"]
[WhiteTeam "Vietnam"]
[BlackTeam "Singapore"]
[WhiteTeamCountry "VIE"]
[BlackTeamCountry "SIN"]

1. d4 {[%emt 0:00:10]} d5 {[%emt 0:00:09]} 2. c4 {[%emt 0:00:49]} e6 {[%emt 0:00:14]} 3. Nc3 {[%emt 0:01:53]} Bb4 {[%emt 0:00:21]} 4. Nf3 {[%emt 0:03:25]} Nf6 {[%emt 0:01:12]} 5. Bg5 {[%emt 0:05:34]} dxc4 {[%emt 0:01:48]} 6. Qa4+ {[%emt 0:08:32]} Nc6 {[%emt 0:02:22]} 7. e4 {[%emt 0:01:45]} Bd7 {[%emt 0:17:57]} 8. Qc2 {[%emt 0:04:21]} h6 {[%emt 0:08:56]} 9. Bd2 {[%emt 0:10:00]} ({RR} 9. Bxf6 Qxf6 10. e5 Qf4 11. Rd1 b5 12. Be2 Ne7 13. O-O Qf5 14. Qc1 Nd5 15. g3 Nxc3 16. bxc3 Be7 17. d5 exd5 18. Rxd5 Qe6 19. Rdd1 c5 20. Nd2 g5 21. Bf3 Bc6 22. Bxc6+ Qxc6 23. Qb1 Rd8 {0-1 Bonin,J (2166)-Yoo,E (2168) 1000GM NY Winter IMC 2024 (2.7)}) 9... O-O $146 {[%emt 0:09:52]} ({RR} 9... Bxc3 10. Bxc3 b5 11. a4 a6 12. Be2 O-O 13. g4 Nh7 14. h4 f5 15. gxf5 exf5 16. d5 fxe4 17. Rg1 Rf7 18. dxc6 exf3 19. Rd1 fxe2 20. Rxd7 Rxd7 21. cxd7 Nf6 22. Qxe2 Kf7 23. Qf3 Qe7+ 24. Kf1 {1-0 Winter,W-Hahlbohm,H Match/City Chicago-London 1926 (4)}) ({RR} 9... b5 10. Nxb5 Bxd2+ 11. Nxd2 a6 12. Na3 Nxd4 13. Qxc4 e5 14. Qc5 Be6 15. Rc1 Nd7 16. Qxc7 Bxa2 17. Qxd8+ Kxd8 18. Bc4 Bxc4 19. Naxc4 Ke7 20. Nf3 Nxf3+ 21. gxf3 Rhc8 22. O-O Rab8 23. Rfd1 g6 24. Rc3 {½-½ Malakhov,V (2699)-Alekseev,E (2651) RUS-ch Higher League 68th 2015 (7)}) ({RR} 9... Na5 10. O-O-O Qe7 11. Ne5 b5 12. Nxd7 Qxd7 13. e5 Ng8 14. d5 Ne7 15. dxe6 fxe6 16. Bxh6 Nd5 17. Nxd5 exd5 18. Qg6+ Qf7 19. Qxg7 Qxg7 20. Bxg7 Rh7 21. Bf6 c6 22. g4 Bc5 23. f3 b4 24. e6 {0-1 Pirc,V-Foltys,J Moravska Ostrava 1933}) ({RR} 9... e5 10. dxe5 Ng4 11. Bf4 Qe7 12. Bxc4 O-O 13. O-O Bxc3 14. Qxc3 Rae8 15. Rad1 Be6 16. Bb5 f6 17. Bxc6 bxc6 18. a3 Rb8 19. b4 fxe5 20. Bxe5 a5 21. h3 axb4 22. axb4 Nxe5 23. Nxe5 Qxb4 24. Qxc6 {1-0 Pirc,V-Sterk,K Ujpest Schachklub 25 Years 1934}) 10. e5 {[%emt 0:10:44]} Nd5 {[%emt 0:04:23]} 11. Bxc4 {[%emt 0:00:21]} Bxc3 {[%emt 0:02:19]} 12. bxc3 {[%emt 0:00:26]} a6 {[%emt 0:05:01]} 13. O-O {[%emt 0:01:29]} Nce7 {[%emt 0:03:30]} 14. Be2 {[%emt 0:06:26]} b5 {[%emt 0:04:03]} 15. Qe4 {[%emt 0:07:01]} f5 {[%emt 0:10:09]} 16. exf6 {[%emt 0:02:38]} Nxf6 {[%emt 0:05:21]} 17. Qc2 {[%emt 0:07:35]} c5 {[%emt 0:06:44]} 18. dxc5 {[%emt 0:03:54]} Qc7 {[%emt 0:01:06]} 19. Be3 {[%emt 0:04:38]} Ng4 {[%emt 0:01:34]} 20. Qe4 {[%emt 0:07:16]} Nxe3 {[%emt 0:01:21]} 21. fxe3 {[%emt 0:00:50]} Qxc5 {[%emt 0:09:00]} 22. Bd3 {[%emt 0:00:48]} g6 {[%emt 0:01:59]} 23. Ne5 {[%emt 0:02:26]} Bc6 {[%emt 0:01:02]} 24. Nxc6 {[%emt 0:02:17]} Qxc6 {[%emt 0:00:05]} 25. Qh4 {[%emt 0:02:22]} Nf5 {[%emt 0:00:59]} 26. Bxf5 {[%emt 0:00:10]} Rxf5 {[%emt 0:00:27]} 27. Qxh6 {[%emt 0:00:19]} Qe8 {[%emt 0:00:45]} 28. e4 {[%emt 0:02:14]} Rh5 {[%emt 0:00:36]} 29. Rf8+ {[%emt 0:02:23]} Qxf8 {[%emt 0:00:05]} 30. Qxg6+ {[%emt 0:00:08]} Qg7 {[%emt 0:00:04]} 31. Qxh5 {[%emt 0:00:06]} Rc8 {[%emt 0:00:33]} 32. Rd1 {[%emt 0:01:23]} Rf8 {[%emt 0:01:02]} 33. Qh3 {[%emt 0:00:51]} Qe5 {[%emt 0:01:06]} 34. Qe3 {[%emt 0:01:27]} Qc7 {[%emt 0:00:42]} 35. Qg5+ {[%emt 0:00:32]} Kh8 {[%emt 0:00:05]} 36. Qh6+ {[%emt 0:00:07]} Kg8 {[%emt 0:00:14]} 37. Qxe6+ {[%emt 0:00:08]} Kh8 {[%emt 0:00:03]} 38. Qh3+ {[%emt 0:00:55]} Kg8 {[%emt 0:00:05]} 39. Qe3 {[%emt 0:00:33]} Qa5 {[%emt 0:00:16]} 40. Rd7 {[%emt 0:00:30]} 1-0